Sports Quiz

Random Sports Quiz

Roger Federer's Streak Opponents Quiz Stats

Quiz not verified by Sporcle

Challenge
Share
Tweet
Embed
Score 0/115 Timer 10:00
0 Plays Today
Tournament Player % Correct
2007 US OpenAndy Roddick
90.2%
2007 Australian OpenNovak Djokovic
89.1%
2004 WimbledonLleyton Hewitt
83%
2008 WimbledonLleyton Hewitt
83%
2009 US OpenLleyton Hewitt
83%
2010 Australian OpenLleyton Hewitt
83%
2004 US OpenAndre Agassi
77.9%
2005 Australian OpenAndre Agassi
77.9%
2007 WimbledonMarat Safin
72.9%
2009 Australian OpenMarat Safin
72.9%
2007 WimbledonJuan Martin Del Potro
69.9%
2008 WimbledonRobin Soderling
69.9%
2009 Australian OpenJuan Martin Del Potro
69.9%
2009 WimbledonRobin Soderling
69.9%
2009 US OpenRobin Soderling
69.9%
2006 Australian OpenTommy Haas
69.1%
2007 WimbledonTommy Haas
69.1%
2009 French OpenTommy Haas
69.1%
2005 WimbledonJuan Carlos Ferrero
66.2%
2007 WimbledonJuan Carlos Ferrero
66.2%
2009 French OpenGael Monfils
65.8%
2005 US OpenDavid Nalbandian
65.4%
2006 French OpenTomas Berdych
65%
2006 WimbledonTomas Berdych
65%
2008 Australian OpenTomas Berdych
65%
2009 Australian OpenTomas Berdych
65%
2006 Australian OpenNikolay Davydenko
64.5%
2010 Australian OpenNikolay Davydenko
64.5%
2006 US OpenJames Blake
64.1%
2008 Australian OpenJames Blake
64.1%
2006 WimbledonTim Henman
59.4%
2006 US OpenTim Henman
59.4%
2006 WimbledonRichard Gasquet
57.2%
2005 French OpenFernando Gonzalez
56.8%
2005 WimbledonFernando Gonzalez
56.8%
2008 French OpenFernando Gonzalez
56.8%
2008 US OpenMaximo Gonzalez
56.8%
2007 US OpenJohn Isner
54.1%
2004 US OpenMarcos Baghdatis
52.5%
Tournament Player % Correct
2005 Australian OpenMarcos Baghdatis
52.5%
2007 US OpenFeliciano Lopez
49.6%
2008 Australian OpenJanko Tipsarevic
48.6%
2007 Australian OpenMikhail Youzhny
48.4%
2007 French OpenMikhail Youzhny
48.4%
2004 WimbledonIvo Karlovic
46.1%
2007 Australian OpenTommy Robredo
46.1%
2007 French OpenTommy Robredo
46.1%
2009 WimbledonIvo Karlovic
46.1%
2009 US OpenTommy Robredo
46.1%
2006 French OpenMario Ancic
44.7%
2006 WimbledonMario Ancic
44.7%
2008 French OpenMario Ancic
44.7%
2008 WimbledonMario Ancic
44.7%
2005 French OpenCarlos Moya
41.8%
2008 French OpenSam Querrey
38.9%
2008 US OpenRadek Stepanek
37.9%
2005 French OpenNicolas Almagro
37.7%
2008 US OpenIgor Andreev
36.1%
2010 Australian OpenIgor Andreev
36.1%
2009 WimbledonPhillip Kohlschreiber
34.6%
2005 WimbledonNicolas Kiefer
34.4%
2005 US OpenNicolas Kiefer
34.4%
2009 Australian OpenAndreas Seppi
33.8%
2008 French OpenJulien Benneteau
33.6%
2004 WimbledonAlejandro Falla
33.2%
2004 US OpenFabrice Santoro
33.2%
2005 Australian OpenFabrice Santoro
33.2%
2005 US OpenFabrice Santoro
33.2%
2006 French OpenAlejandro Falla
33.2%
2008 Australian OpenFabrice Santoro
33.2%
2004 WimbledonThomas Johansson
31.3%
2009 WimbledonLu Yen-hsun
31.1%
2007 Australian OpenJonas Bjorkman
28.7%
2008 French OpenAlberto Montanes
26.6%
2010 Australian OpenAlberto Montanes
26.6%
2005 WimbledonPaul-Henri Mathieu
24.4%
2009 French OpenPaul-Henri Mathieu
24.4%
2005 French OpenVictor Hanescu
24.2%
Tournament Player % Correct
2010 Australian OpenVictor Hanescu
24.2%
2004 US OpenAlbert Costa
23.6%
2008 US OpenGilles Muller
22.3%
2009 WimbledonGuillermo Garcia-Lopez
22.1%
2006 Australian OpenFlorian Mayer
21.3%
2005 Australian OpenJarkko Nieminen
20.7%
2005 US OpenOlivier Rochus
20.7%
2006 WimbledonNicolas Mahut
20.5%
2006 French OpenNicolas Massu
19.9%
2006 Australian OpenMax Mirnyi
18%
2009 French OpenAlberto Martin
17.8%
2008 WimbledonDominick Hrbaty
17.6%
2006 Australian OpenDenis Istomin
15.4%
2007 French OpenPotito Starace
14.8%
2009 French OpenJose Acasuso
14.8%
2005 French OpenDudi Sela
11.3%
2007 Australian OpenBjorn Phau
10.4%
2006 US OpenVincent Spadea
9.6%
2007 French OpenMichael Russell
9.6%
2004 US OpenAndrei Pavel
9.2%
2006 US OpenMarc Gicquel
8.4%
2008 WimbledonMarc Gicquel
8.4%
2004 WimbledonAlex Bogdanovic
8.2%
2005 WimbledonIvo Minar
8%
2009 US OpenDevin Britton
8%
2009 Australian OpenEvgeny Korolev
7.8%
2005 US OpenIvo Minar
7.4%
2007 US OpenPaul Capdeville
6.4%
2006 French OpenDiego Hartfield
6.3%
2008 Australian OpenDiego Hartfield
6.3%
2007 WimbledonTeimuraz Gabashvili
6.1%
2009 US OpenSimon Greul
6.1%
2005 Australian OpenTakao Suzuki
5.7%
2007 US OpenScoville Jenkins
4.9%
2006 US OpenWang Yeu-tzuoo
4.7%
2008 US OpenThiago Alves
3.9%
2007 French OpenThierry Ascione
3.1%

You're not logged in!

Compare scores with friends on all Sporcle quizzes.
Sign Up with Email
OR
Log In

You Might Also Like...

Show Comments

Extras

Top Quizzes Today


Score Distribution

Your Account Isn't Verified!

In order to create a playlist on Sporcle, you need to verify the email address you used during registration. Go to your Sporcle Settings to finish the process.

Report this User

Report this user for behavior that violates our Community Guidelines.

Details: